Nowo Zelandzka imigracja według państw - Statystyki

Ogólne statystyki
  • Ten quiz został rozwiązany 96 razy
  • Średni wynik to 14 z 20
Statystyki odpowiedzi
Ludzie Państwo % Poprawnych
10 415 Australia
98%
5 100 Stany Zjednoczone
95%
24 780 Chiny
94%
27 644 Indie
88%
2 951 Japonia
88%
2 406 Niemcy
83%
8 181 Wielka Brytania
81%
1 897 Kanada
80%
2 639 Francja
79%
2 453 Korea Południowa
78%
21 703 Filipiny
77%
8 784 Fidżi
73%
4 515 Wietnam
72%
1 599 Malezja
62%
7 339 Republika Południowej Afryki
62%
1 759 Chile
49%
2 119 Samoa
42%
4 640 Sri Lanka
37%
2 465 Singapur
31%
2 701 Zjednoczone Emiraty Arabskie
14%
Nie znaleziono quizów pasujących do podanych kryteriów
Rozkład punktacji
Procent ludzi z każdym wynikiem
Percentyl według liczby udzielonych odpowiedzi
Twoja historia wyników
Nie rozwiązałeś tego quizu